| 000 | 00548nam a2200205 a 4500 | ||
|---|---|---|---|
| 005 | 20250926063901.0 | ||
| 008 | 991125s1990 es 000 0 spa u | ||
| 020 | _a8432986054 | ||
| 035 | _aUPN01000008998 | ||
| 049 | _aCG | ||
| 050 | 4 |
_aPN81 _bA7.2 1990 |
|
| 100 | 1 | _aAtwood, Beth S. | |
| 245 | 1 | 0 |
_aCómo desarrollar la lectura crítica / _cBeth S. Atwood. |
| 250 | _a4a ed. | ||
| 260 |
_aBarcelona [Esp.] : _bCEAC, _c1990. |
||
| 300 | _a103 p. | ||
| 650 | 4 |
_aCrítica literaria _911578 |
|
| 650 | 4 |
_aLectura crítica _920147 |
|
| 905 | _aLibro | ||
| 999 |
_c8998 _d8998 |
||